[Event "11th Lichtenberger Sommer 2012"]
[Site "Berlin GER"]
[Date "2012.08.24"]
[Round "7.92"]
[White "Fischer,Ank"]
[Black "Dittrich,Tom"]
[Result "1/2-1/2"]
[WhiteElo "1828"]
[BlackElo "1627"]

1.e4 c5 2.c3 Nf6 3.e5 Nd5 4.d4 cxd4 5.cxd4 Qc7 6.Nf3 e6 7.Bd2 b6 8.Nc3 Nxc3
9.Bxc3 Bb7 10.Be2 d5 11.O-O Nc6 12.Rc1 O-O-O 13.b4 Kb8 14.b5 Ne7 15.Bb4 Qd7
16.a4 a5 17.Bd6+ Ka8 18.Bc7 Nf5 19.Bxd8 Qxd8 20.Qc2 Ba3 21.Ra1 Bb4 22.Rfc1 g5
23.g4 Ng7 24.Qc7 Be7 25.Rc2 Ne8 26.Qxd8+ Bxd8 27.Rac1 Kb8 28.h3 Ng7 29.Nh2 Rf8
30.Bd3 h6 31.Rf1 f5 32.f4 fxg4 33.fxg5 Rxf1+ 34.Bxf1 Bxg5 35.Nxg4 h5 36.h4 Bxh4
37.Nf6 Nf5 38.Rh2 Bg5 39.Rxh5 Be3+ 40.Kg2 Bxd4 41.Bd3 Ne3+ 42.Kf3 Nd1 43.Nd7+ Kc7
44.Rh7 Bc8 45.Nf6+ Kd8 46.Rh8+ Kc7 47.Ne8+ Kd7 48.Nf6+ Kc7 49.Ng4 Nb2 50.Bc2 Nc4
51.Kf4 Kd7 52.Rh4 Kc7 53.Bb3 Nd2 54.Ba2 Ne4 55.Rh6 Nc3 56.Bb3 Ne2+ 57.Kg5 Ng3
58.Bc2 Nf1 59.Kf6 Nd2 60.Rh5 Nc4 61.Nh6 Ne3 62.Bd3 Nc4 63.Bxc4 dxc4 64.Rh4 Bc5
65.Rxc4 Kd7 66.Ng8 Bb7 67.Rh4 Bd5 68.Nh6 Be7+  1/2-1/2

[Event "21st Feffernitz Open"]
[Site "Feffernitz AUT"]
[Date "2012.08.24"]
[Round "7.20"]
[White "Andre,Jonas"]
[Black "Poletti,F"]
[Result "1/2-1/2"]
[WhiteElo "1749"]
[BlackElo "1950"]

1.e4 c5 2.c3 Nf6 3.e5 Nd5 4.d4 cxd4 5.cxd4 e6 6.Nf3 d6 7.a3 Nc6 8.Bd3 dxe5
9.dxe5 Be7 10.O-O O-O 11.Qe2 Bd7 12.Bd2 Rc8 13.Nc3 Nxc3 14.Bxc3 Qb6 15.Qe4 g6
16.Bd2 Rfd8 17.Ng5 Qd4 18.Bf4 Qxe4 19.Nxe4 Be8 20.Rfd1 Rd7 21.Bb5 Rd4 22.Bxc6  1/2-1/2

[Event "e2e4 Hinckley Open 2012"]
[Site "Hinckley ENG"]
[Date "2012.08.24"]
[Round "1.15"]
[White "Wang,Xingliang Anna"]
[Black "Bonafont,P"]
[Result "0-1"]
[WhiteElo "1833"]
[BlackElo "2051"]

1.e4 c5 2.c3 Nf6 3.e5 Nd5 4.d4 cxd4 5.Nf3 Nc6 6.cxd4 d6 7.Bc4 Nb6 8.Bb5 dxe5
9.Nxe5 Bd7 10.Nxd7 Qxd7 11.Nc3 e6 12.O-O Be7 13.Qg4 O-O 14.Rd1 Rfd8 15.Bh6 g6
16.Rac1 Rac8 17.Qg3 a6 18.Bxc6 Rxc6 19.Qe5 f6 20.Qe2 Nd5 21.Nxd5 Qxd5 22.Rxc6 Qxc6
23.Be3 Rc8 24.h3 Qe4 25.Qd3 Qd5 26.a3 b5 27.Qd2 Rc4 28.Rc1 Bd8 29.Rxc4 Qxc4
30.Qc1 Qxc1+ 31.Bxc1 Bb6 32.Be3 Kf7 33.Kf1 Ke7 34.Ke2 Kd6 35.Kd3 Kd5 36.b4 f5
37.f4 a5 38.g3 axb4 39.axb4 Bc7 40.Bf2 Bd6 41.Be1 h6 42.h4 Be7 43.Bd2 Bf6
44.Be3 Bg7 45.Bf2 Bf8 46.Be1 Bd6 47.Bd2 Be7 48.Bc3 g5 49.h5 gxf4 50.gxf4 Bh4
51.Bb2 Be1 52.Ba3 Kc6 53.Kc2 Kd6 54.Bc1 Bxb4 55.Kb3 Be1 56.Ba3+ b4 57.Bc1 Kd5
58.Bb2 Bd2 59.Ba1 Bc3 60.Bxc3 bxc3 61.Kxc3 Ke4 62.Kc4 Kxf4 63.Kc5 Ke4 64.Kc4 Kf4
65.Kc5 Ke4 66.Kd6 Kxd4 67.Kxe6 f4 68.Kf6 f3 69.Kg6 f2 70.Kxh6 f1=Q 71.Kg7 Qg2+
72.Kh7 Ke5 73.h6 Kf6 74.Kh8 Qg6 75.h7 Qg7+  0-1

[Event "12th ch-Euro Seniors"]
[Site "Kaunas LTU"]
[Date "2012.08.24"]
[Round "7.32"]
[White "Barsciauskas,G"]
[Black "Taksrud,V"]
[Result "0-1"]
[WhiteElo "1807"]
[BlackElo "2057"]

1.e4 c5 2.c3 Nf6 3.d3 Nc6 4.Be2 d5 5.Qc2 c4 6.exd5 Qxd5 7.Nf3 Bf5 8.dxc4 Qxf3
9.Bxf3 Bxc2 10.Nd2 O-O-O 11.O-O Ne5 12.Re1 Nd3 13.Re2 e5 14.Ne4 Nxe4 15.Rxc2 Ne1
16.Bg4+ Kc7 17.Bf4 Nxc2 18.Bxe5+ Bd6 19.Bxd6+ Rxd6 20.Rc1 Rhd8  0-1

[Event "EY Boys U16 2012"]
[Site "Prague CZE"]
[Date "2012.08.24"]
[Round "8.32"]
[White "Meisch,Tanguy"]
[Black "Dobes,V"]
[Result "0-1"]
[WhiteElo "1748"]
[BlackElo "2060"]

1.e4 c5 2.c3 Nf6 3.e5 Nd5 4.d4 cxd4 5.Nf3 e6 6.cxd4 Nc6 7.Be2 d6 8.O-O Be7
9.Bd2 O-O 10.Nc3 Nxc3 11.Bxc3 d5 12.Bd3 f6 13.Qc2 f5 14.a3 Bd7 15.Rac1 Rc8
16.Rfd1 Be8 17.Qe2 a6 18.Bb1 Bh5 19.Rd3 Na7 20.Qe3 Nb5 21.Ne1 Qd7 22.f4 h6
23.Bd2 Rxc1 24.Bxc1 Qc7 25.Nc2 Na7 26.Rc3 Nc6 27.Ne1 Qb6 28.Rb3 Qa7 29.Nc2 Bd1
30.Rc3 Bxc2 31.Rxc2 Bd8 32.Qf2 Bb6 33.Be3 Bxd4 34.Bxd4 Qxd4 35.Qxd4 Nxd4
36.Rc7 Rb8 37.Kf2 Kf8 38.Ke3 Nc6 39.g4 fxg4 40.Bg6 Ne7 41.Bh5 g6 42.Bxg4 Kf7
43.Rd7 g5 44.fxg5 hxg5 45.Bh5+ Kf8 46.Bg4 Nf5+ 47.Bxf5 exf5 48.Rxd5 Ke7 49.Rd6 Rh8
50.Rg6 Rxh2 51.Rxg5 Ke6 52.Rg6+ Kxe5 53.Rb6 Rh7 54.Rb4 Rc7 55.Kf3 b5 56.b3 Rc5
57.a4 a5 58.Rh4 Rc3+ 59.Kf2 Rxb3 60.axb5 Rxb5 61.Ra4 Rd5 62.Kf3 Kd6 63.Kf4 Kc6
64.Rc4+ Kb5 65.Rc8 a4 66.Rb8+ Kc4 67.Rc8+ Kb3 68.Rb8+ Ka2 69.Rb7 a3 70.Rb8 Ka1
71.Rb7 a2 72.Rb8 Rd1 73.Kxf5 Rb1 74.Rh8 Kb2  0-1

[Event "14th Sants Open A"]
[Site "Barcelona ESP"]
[Date "2012.08.25"]
[Round "9.3"]
[White "Collins,S IRL"]
[Black "Spraggett,K"]
[Result "0-1"]
[WhiteElo "2459"]
[BlackElo "2595"]

1.e4 c5 2.c3 Nf6 3.e5 Nd5 4.Nf3 Nc6 5.d4 cxd4 6.cxd4 d6 7.Bc4 e6 8.O-O Be7
9.Qe2 O-O 10.Nc3 Nxc3 11.bxc3 dxe5 12.dxe5 Qa5 13.Bd2 Rd8 14.Rfe1 Qc7 15.Bd3 b6
16.Ng5 h6 17.Bh7+ Kh8 18.Nxf7+ Kxh7 19.Qe4+ g6 20.Bxh6 Bb7 21.Ng5+ Bxg5 22.Bxg5 Rd7
23.Bf6 Rg7 24.Rad1 Rf8 25.Re3 Kg8 26.Qg4 Bc8 27.f4 Ne7 28.Bxg7 Kxg7 29.Rg3 Qc5+
30.Rd4 b5 31.Kf1 b4 32.Rdd3 bxc3 33.Rxc3 Ba6+ 34.Ke1 Qg1+ 35.Kd2 Rd8+ 36.Kc2 Qf2+
37.Kc1 Rd2 38.Kb1 Qb6+  0-1

[Event "11th Lichtenberger Sommer 2012"]
[Site "Berlin GER"]
[Date "2012.08.25"]
[Round "8.11"]
[White "Petersen,SoB"]
[Black "Pueschel,W"]
[Result "1/2-1/2"]
[WhiteElo "2279"]
[BlackElo "2121"]

1.e4 c5 2.c3 Nf6 3.e5 Nd5 4.Nf3 e6 5.d4 cxd4 6.cxd4 b6 7.Nc3 Nxc3 8.bxc3 Bb7
9.Bd3 Nc6 10.O-O Rc8 11.Qe2 Na5 12.Bd2 Bd5 13.Ng5 Bc4 14.Qf3 f5 15.exf6 Qxf6
16.Qh3 Bxd3 17.Qxd3 Nc4 18.Rfe1 Be7 19.Nf3 Nxd2 20.Qxd2 O-O 21.Re3 Rc7 22.Rae1 Bd6
23.Ne5 b5 24.Ng4 Qg5 25.Qe2  1/2-1/2

[Event "12th World Uni Men"]
[Site "Guimaraes POR"]
[Date "2012.08.25"]
[Round "9.5"]
[White "Terao,R"]
[Black "Moranda,W"]
[Result "0-1"]
[WhiteElo "2383"]
[BlackElo "2566"]

1.e4 c5 2.c3 Nf6 3.e5 Nd5 4.Bc4 Nb6 5.Bb3 c4 6.Bc2 Nc6 7.Nf3 d6 8.exd6 Qxd6
9.O-O Bg4 10.Qe2 e6 11.b3 Qf4 12.Qe4 Qxe4 13.Bxe4 Bxf3 14.Bxf3 O-O-O 15.bxc4 Ne5
16.d4 Nxf3+ 17.gxf3 Nxc4 18.Nd2 Nxd2 19.Bxd2 Rd5 20.Be3 Bd6 21.Kg2 Ra5 22.a4 Ra6
23.c4 Rd8 24.f4 Bc7 25.Rfd1 Ra5 26.Kf3 Rf5 27.Ke4 Rh5 28.d5 a6 29.Ra2 Rxh2
30.Rad2 exd5+ 31.Rxd5 Rh6 32.Rxd8+ Bxd8 33.f5 Rc6 34.c5 h5 35.f4 h4 36.Rg1 Bf6
37.Bf2 Rc7 38.Rh1 Re7+ 39.Kd5 Re8 40.Rh3 Rh8 41.c6 Rd8+ 42.Kc5 Be7+ 43.Kb6 Rd6
44.Rc3 Bd8+ 45.Ka7 Rxc6 46.Rxc6+ bxc6 47.Kxa6 h3 48.Bg3 Bh4 49.Bh2 Bf2 50.Ka5 Bc5
51.Ka6 f6 52.Ka5 Kb7  0-1

[Event "12th ch-Euro Seniors"]
[Site "Kaunas LTU"]
[Date "2012.08.25"]
[Round "8.45"]
[White "Lyly,S"]
[Black "Petrovs,A"]
[Result "1/2-1/2"]
[WhiteElo "1911"]
[BlackElo "1766"]

1.e4 c5 2.c3 Nf6 3.e5 Nd5 4.d4 cxd4 5.cxd4 e6 6.Nf3 d6 7.Bd3 Nc6 8.O-O dxe5
9.dxe5 Be7 10.Nc3 Nxc3 11.bxc3 O-O 12.Qc2 h6 13.Re1 Qc7 14.Bf4 Bd7 15.Qd2 h5
16.Qe2 g6 17.Ng5 Kg7 18.Nh7 Rh8 19.Nf6 Rac8 20.Rad1 Be8 21.Ne4 Rd8 22.Nd6 Na5
23.c4 b6 24.Qe3 Bc6 25.Bg5 Nb7 26.Nxb7 Qxb7 27.Bxe7  1/2-1/2

[Event "EY Boys U16 2012"]
[Site "Prague CZE"]
[Date "2012.08.25"]
[Round "9.19"]
[White "Basso,Pier Luigi"]
[Black "David,Alexandru"]
[Result "1/2-1/2"]
[WhiteElo "2167"]
[BlackElo "2059"]

1.e4 c5 2.c3 Nf6 3.e5 Nd5 4.d4 cxd4 5.Nf3 d6 6.cxd4 e6 7.Bc4 Nc6 8.O-O Be7
9.Qe2 O-O 10.Qe4 Re8 11.Re1 Nb6 12.Bd3 g6 13.a3 Nd7 14.exd6 Bxd6 15.Nc3 Nf6
16.Qh4 Nh5 17.Qe4 Nf6 18.Qh4 Nh5 19.Qe4 Nf6 20.Qh4  1/2-1/2

[Event "EY Girls U16 2012"]
[Site "Prague CZE"]
[Date "2012.08.25"]
[Round "9.19"]
[White "Hoare,Amy B"]
[Black "Rykala,M"]
[Result "1/2-1/2"]
[WhiteElo "1958"]
[BlackElo "1844"]

1.e4 c5 2.c3 Nf6 3.e5 Nd5 4.d4 cxd4 5.Nf3 d6 6.cxd4 Nc6 7.Bc4 e6 8.O-O Be7
9.a3 O-O 10.Re1 Bd7 11.Bd2 Rc8 12.Nc3 Nxc3 13.Bxc3 d5 14.Bd3 Na5 15.Bc2 Nc4
16.Qd3 g6 17.a4 Qb6 18.Reb1 Qc7 19.Bd1 f6 20.Rc1 fxe5 21.dxe5 Qd8 22.b3 Na5
23.h4 Nc6 24.h5 Qe8 25.hxg6 Qxg6 26.Qxg6+ hxg6 27.Be2 Kg7 28.Rd1 Bc5 29.Bb5 Rf7
30.Rd2 a6 31.Bxc6 Rxc6 32.Nd4 Rc8 33.Bb2 Be7 34.Rc2 Rxc2 35.Nxc2 Bc5 36.Bd4 Bxd4
37.Nxd4 Rf4 38.Rd1 Re4 39.Nf3 Rb4 40.Nd4 Kf7  1/2-1/2

[Event "37th Trade Fair Open A"]
[Site "Brno CZE"]
[Date "2012.08.26"]
[Round "1"]
[White "Novak,Vi"]
[Black "Dambrauskas,V"]
[Result "0-1"]
[WhiteElo "1932"]
[BlackElo "2322"]

1.e4 c5 2.c3 Nf6 3.e5 Nd5 4.Bc4 e6 5.d3 d6 6.f4 Nc6 7.Nf3 Be7 8.O-O b6 9.Qe2 O-O
10.Na3 a6 11.Nc2 b5 12.Bxd5 exd5 13.d4 Bf5 14.Be3 c4 15.Nce1 b4 16.h3 bxc3
17.bxc3 Qa5 18.Bd2 Rab8 19.g4 Be4 20.f5 Rb2 21.Qe3 dxe5 22.Bc1 Rb7 23.dxe5 Nxe5
24.Nd4 Qb6 25.Qg3 Nc6 26.Be3 Bc5 27.Rd1 Nxd4 28.cxd4 Bd6 29.Qf2 f6 30.Ng2 Qb2
31.Rd2 Qa3  0-1

[Event "8th Dieppe Open A 2012"]
[Site "Dieppe FRA"]
[Date "2012.08.26"]
[Round "1.5"]
[White "Gauer,Jac"]
[Black "Dourerassou,J"]
[Result "0-1"]
[WhiteElo "1934"]
[BlackElo "2460"]

1.e4 c5 2.c3 Nf6 3.e5 Nd5 4.Bc4 Nb6 5.Bb3 c4 6.Bc2 Nc6 7.Nf3 g6 8.O-O Bg7
9.Qe2 d6 10.exd6 Qxd6 11.h3 O-O 12.d4 cxd3 13.Bxd3 e5 14.Rd1 Qc7 15.Na3 a6
16.Be4 Na5 17.Be3 Nac4 18.Nxc4 Nxc4 19.Bg5 Be6 20.Bd5 Bxd5 21.Rxd5 Nb6 22.Rd2 Rae8
23.Rad1 e4 24.Nd4 Nc4 25.Rc2 h6 26.Bc1 f5 27.b3 Ne5 28.Bf4 Kh7 29.Rcd2 Rf7
30.c4 Qc8 31.Bxe5 Rxe5 32.Nc2 f4 33.Rd8 Qc7 34.Qg4 h5 35.Qc8 Qxc8 36.Rxc8 e3
37.Rcd8 e2 38.Re1 f3 39.gxf3 Rg5+ 40.Kh2 Rxf3 41.Rxe2 Be5+ 42.Rxe5 Rxf2+
43.Kh1 Rxe5  0-1

[Event "12th ch-Euro Seniors w"]
[Site "Kaunas LTU"]
[Date "2012.08.26"]
[Round "9.4"]
[White "Miednikova,S"]
[Black "Fatalibekova,E"]
[Result "1-0"]
[WhiteElo "2177"]
[BlackElo "2273"]

1.e4 c5 2.c3 Nf6 3.e5 Nd5 4.d4 cxd4 5.Nf3 e6 6.cxd4 d6 7.Bc4 Nc6 8.a3 Be7
9.O-O O-O 10.Qe2 Qb6 11.Qe4 Na5 12.exd6 Qxd6 13.Ba2 b6 14.b4 Nc6 15.b5 Na5
16.Bd2 Bb7 17.Bxa5 bxa5 18.Ne5 a6 19.a4 Ra7 20.Nc6 Bxc6 21.bxc6 Qxc6  1-0

[Event "37th Trade Fair Open A"]
[Site "Brno CZE"]
[Date "2012.08.27"]
[Round "3"]
[White "Novak,Vi"]
[Black "Skacelik,P"]
[Result "1/2-1/2"]
[WhiteElo "1932"]
[BlackElo "2202"]

1.e4 c5 2.c3 Nf6 3.e5 Nd5 4.Bc4 Nb6 5.Bb3 d5 6.d4 cxd4 7.cxd4 Bf5 8.Nc3 Nc6
9.Nge2 e6 10.O-O Be7 11.Ng3 Bg6 12.Be3 O-O 13.f4 Na5 14.f5 Nxb3 15.axb3 exf5
16.Nxf5 a6 17.Qg4  1/2-1/2

[Event "37th Trade Fair Open A"]
[Site "Brno CZE"]
[Date "2012.08.27"]
[Round "3"]
[White "Kantorik,M"]
[Black "Cvek,R"]
[Result "1/2-1/2"]
[WhiteElo "2308"]
[BlackElo "2549"]

1.e4 c5 2.c3 Nf6 3.e5 Nd5 4.d4 cxd4 5.Qxd4 e6 6.Nf3 d6 7.Nbd2 Nc6 8.Qe4 dxe5
9.Nxe5 Nxe5 10.Qxe5 f6 11.Bb5+ Kf7 12.Qh5+ g6 13.Qh4 Ne7 14.O-O Nf5 15.Qh3 Nd6
16.Ba4 e5 17.Bb3+ Kg7 18.Qe3  1/2-1/2

[Event "19th Graz Open 2012"]
[Site "Graz AUT"]
[Date "2012.08.28"]
[Round "4.8"]
[White "Jicman,L"]
[Black "Gruskovnjak,T"]
[Result "0-1"]
[WhiteElo "2199"]
[BlackElo "2384"]

1.e4 c5 2.c3 Nf6 3.e5 Nd5 4.d4 cxd4 5.Nf3 e6 6.cxd4 d6 7.a3 Bd7 8.Bd3 Bc6
9.O-O Nd7 10.b4 a6 11.Re1 Rc8 12.Bd2 b5 13.Qe2 Be7 14.Ra2 N5b6 15.Nc3 dxe5
16.dxe5 Qc7 17.Rc2 Bxf3 18.gxf3 Nc4 19.f4 O-O 20.Ne4 Rfd8 21.Rec1 Ndb6 22.Be3 Qd7
23.Bxb6 Nxb6 24.Rxc8 Rxc8 25.Rd1 Nd5 26.Qg4 g6 27.h4 h5 28.Qg3 Qd8 29.Ng5 Bxg5
30.hxg5 Rc3 31.f5 exf5 32.e6 fxe6 33.Qe5 Qxg5+ 34.Kf1 Qf6 35.Qb8+ Kg7 36.Qb7+ Kh6
37.Qxa6 Rxd3 38.Rxd3 Qa1+ 39.Ke2 Nf4+ 40.Kd2 Qb2+ 41.Ke3 Qe5+  0-1

[Event "40th Olympiad Open"]
[Site "Istanbul TUR"]
[Date "2012.08.28"]
[Round "1.9"]
[White "Yeoh,L"]
[Black "Smeets,J"]
[Result "0-1"]
[WhiteElo "2258"]
[BlackElo "2608"]

1.e4 c5 2.c3 Nf6 3.e5 Nd5 4.d4 cxd4 5.cxd4 d6 6.Nf3 Nc6 7.Bc4 Nb6 8.Bb3 dxe5
9.d5 Na5 10.Nc3 Bg4 11.h3 Bxf3 12.Qxf3 g6 13.Be3 Nxb3 14.axb3 Nc8 15.O-O Bg7
16.Nb5 O-O 17.Nxa7 Nd6 18.Rfd1 Qd7 19.Qe2 h5 20.Rac1 Nf5 21.Bb6 Nd4 22.Qc4 Bf6
23.Re1 Qf5 24.Rcd1 Kg7 25.Qd3 Qxd3 26.Rxd3 Nf5 27.Rc3 Rfe8 28.Rc7 e6 29.Rxb7 Reb8
30.Rxb8 Rxb8 31.Bc5 exd5 32.b4 Nd4 33.Rd1 Rb7 34.Nc8 Rd7 35.Kf1 Rd8 36.Nb6 g5
37.f3 Kg6 38.Kf2 h4 39.Na4 Ne6 40.b5 d4 41.b4 Bg7 42.Nb2 f5 43.Nc4 e4 44.Bd6 e3+
45.Kf1 Rxd6 46.Nxd6 Nf4 47.Re1 d3  0-1

[Event "40th Olympiad Open"]
[Site "Istanbul TUR"]
[Date "2012.08.28"]
[Round "1.20"]
[White "Godena,M"]
[Black "Quinones,Cen"]
[Result "1-0"]
[WhiteElo "2516"]
[BlackElo "2293"]

1.e4 c5 2.c3 Nf6 3.e5 Nd5 4.Nf3 Nc6 5.Bc4 Nb6 6.Bb3 d5 7.exd6 Qxd6 8.Na3 e6
9.d4 Be7 10.Nb5 Qb8 11.g3 cxd4 12.cxd4 e5 13.dxe5 Bb4+ 14.Kf1 O-O 15.Bf4 Be6
16.Ng5 Rd8 17.Qh5  1-0

[Event "40th Olympiad Open"]
[Site "Istanbul TUR"]
[Date "2012.08.28"]
[Round "1.50"]
[White "Mohamed,Sidi Mbareck"]
[Black "Agopov,M"]
[Result "0-1"]
[WhiteElo "1947"]
[BlackElo "2429"]

1.e4 c5 2.c3 Nf6 3.e5 Nd5 4.d4 cxd4 5.Nf3 e6 6.Bc4 dxc3 7.O-O Qc7 8.Qe2 c2
9.Nbd2 Nc6 10.Nb3 Nde7 11.Bf4 Ng6 12.Bg3 b6 13.Rac1 Bb7 14.a3 Be7 15.Rxc2 O-O
16.h4 Rfc8 17.h5 Nf8 18.Bd3 Qd8 19.Nbd2 h6 20.Nh2 Nd4 21.Qd1 Nxc2 22.Bxc2 d6
23.f4 dxe5 24.fxe5 Bg5 25.Nhf3 Bxd2 26.Nxd2 Qg5  0-1

[Event "40th Olympiad Women"]
[Site "Istanbul TUR"]
[Date "2012.08.28"]
[Round "1.31"]
[White "Matoussi,Ama"]
[Black "Ziogaite,J"]
[Result "0-1"]
[WhiteElo "1581"]
[BlackElo "2052"]

1.e4 c5 2.c3 Nf6 3.e5 Nd5 4.d4 cxd4 5.cxd4 d6 6.exd6 Qxd6 7.Nc3 Nc6 8.Nf3 Bg4
9.Be2 e6 10.O-O Be7 11.Be3 O-O 12.Nd2 Bxe2 13.Nxe2 Rfd8 14.a3 Rac8 15.Ne4 Qc7
16.Rc1 Qb6 17.b4 a5 18.bxa5 Qxa5 19.Qb3 Qxa3 20.Qxb7 Rc7 21.Qb5 Rb8 22.Qc4 Rb4
23.Qc2 Rb2 24.Qd1 Nxe3  0-1

[Event "37th Trade Fair Open A"]
[Site "Brno CZE"]
[Date "2012.08.29"]
[Round "5"]
[White "Novak,Vi"]
[Black "Musil,Jiri"]
[Result "1/2-1/2"]
[WhiteElo "1932"]
[BlackElo "2099"]

1.e4 c5 2.c3 Nf6 3.e5 Nd5 4.Bc4 Nb6 5.Bb3 e6 6.f4 d5 7.d4 Nc6 8.Nf3 Be7 9.Be3 cxd4
10.Nxd4 Bd7 11.O-O Nc4 12.Bxc4 dxc4 13.Nd2 Nxd4 14.Bxd4 b5 15.Qg4 O-O 16.Ne4 Bc6
17.Nf6+ Kh8 18.Nh5 g6 19.Nf6 Bxf6 20.exf6 Qd5 21.Rae1 Qf5 22.Qh4 Rad8 23.Re2 Rg8
24.Re5 Qc2 25.Qf2 Qxf2+ 26.Rxf2 h6 27.h4 Kh7 28.Rc5 Rc8 29.g4 a6 30.Re5  1/2-1/2

[Event "40th Olympiad Women"]
[Site "Istanbul TUR"]
[Date "2012.08.29"]
[Round "2.36"]
[White "Krifa,N"]
[Black "Munoz,Ca"]
[Result "0-1"]
[WhiteElo "1782"]
[BlackElo "1981"]

1.e4 c5 2.c3 Nf6 3.e5 Nd5 4.d4 cxd4 5.cxd4 Nc6 6.Bc4 Nb6 7.Bb3 d6 8.exd6 Qxd6
9.Be3 Be6 10.Ne2 Bxb3 11.Qxb3 Qb4+ 12.Nd2 e6 13.O-O Be7 14.Qc2 O-O 15.a3 Qb5
16.Nc3 Qh5 17.Nf3 Rfd8 18.Rfe1 Bf6 19.Rad1 Rd7 20.Ne2 Rc8 21.Nc3 Rcd8 22.Ne2 Qb5
23.Nc3 Qa5 24.Ne2 Qa4 25.Qxa4 Nxa4 26.Rd2 Nb6 27.Rc1 Nd5 28.Bg5 Bxg5 29.Nxg5 Nde7
30.Rcd1 Nf5 31.Nf3 f6 32.h3 Kf7 33.Kf1 Na5 34.Rc1 Nb3 35.Rcd1 Nxd2+ 36.Rxd2 e5
37.g4 Nxd4 38.Nexd4 exd4 39.Ke2 Ke6 40.Kd3 Rd5 41.Re2+ Kd6 42.Nxd4 Kc5 43.b4+ Kb6
44.Re4 Re5 45.f3 a6 46.Ke3 Rxe4+ 47.fxe4 Rc8 48.Kd2 Rc4 49.Ne6 Rxe4 50.Nxg7 Rf4
51.Ke2 Kb5 52.Nh5 Re4+ 53.Kd3 Re6 54.Nf4 Rc6 55.Ne2 Ka4 56.Kd4  0-1

[Event "40th Olympiad Women"]
[Site "Istanbul TUR"]
[Date "2012.08.29"]
[Round "2.2"]
[White "Terao,J"]
[Black "Kosintseva,N"]
[Result "0-1"]
[WhiteElo "2187"]
[BlackElo "2524"]

1.e4 c5 2.c3 Nf6 3.e5 Nd5 4.d4 cxd4 5.Qxd4 e6 6.Nf3 Nc6 7.Qe4 f5 8.Qe2 b5
9.g3 Be7 10.Bg2 a5 11.O-O O-O 12.Re1 Ba6 13.Nbd2 a4 14.Nf1 b4 15.Qc2 bxc3
16.bxc3 Qc7 17.a3 Nb6 18.Bf4 Rab8 19.Ne3 Na5 20.h4 Nb3 21.Rab1 Bxa3 22.Nd4 Nxd4
23.cxd4 Qxc2 24.Nxc2 Be7 25.Nb4 Bc4 26.Bd2 Rfc8 27.Ra1 Bb5 28.Rec1 Rc4 29.Rxc4 Bxc4
30.Bc3 Bb3 31.Na6 Rc8 32.Nc5 Bxc5 33.dxc5 Nc4 34.Bd4 a3 35.Bf1 a2 36.Kg2 Nd2
37.f3 Bd5  0-1

[Event "40th Olympiad Women"]
[Site "Istanbul TUR"]
[Date "2012.08.30"]
[Round "3.14"]
[White "Botalova,Y"]
[Black "Nikolova,A"]
[Result "1/2-1/2"]
[WhiteElo "1949"]
[BlackElo "2299"]

1.e4 c5 2.c3 Nf6 3.e5 Nd5 4.d4 cxd4 5.Nf3 e6 6.cxd4 b6 7.Bd3 Bb7 8.O-O Na6
9.a3 Nac7 10.Nbd2 Nf4 11.Be4 Bd5 12.Bxd5 exd5 13.Nb1 Nfe6 14.Nc3 Qc8 15.Be3 Be7
16.Rc1 Qb7 17.Ne1 O-O 18.f4 f5 19.Nd3 Kh8 20.Qb3 Rg8 21.Rf2 b5 22.Na4 Na6
23.Nc3 Nac7 24.Na4 Na6 25.Nc3 Nac7 26.Na4  1/2-1/2

[Event "40th Olympiad Women"]
[Site "Istanbul TUR"]
[Date "2012.08.30"]
[Round "3.18"]
[White "Romero Echeverria,A"]
[Black "Partac,E"]
[Result "1-0"]
[WhiteElo "2109"]
[BlackElo "2102"]

1.e4 c5 2.c3 Nf6 3.e5 Nd5 4.d4 cxd4 5.Nf3 e6 6.cxd4 d6 7.Bc4 Nc6 8.O-O Be7
9.Qe2 O-O 10.a3 Na5 11.Ba2 Qb6 12.Nbd2 Bd7 13.Re1 Bb5 14.Qe4 Qc6 15.h4 Nb6
16.Qg4 Bd3 17.Ne4 Kh8 18.Bb1 Bxb1 19.Rxb1 d5 20.Nc3 Nb3 21.Bg5 Rae8 22.Qh5 Qc4
23.Rbd1 Qc6 24.Rd3 Qc4 25.Red1 a5 26.Nh2 a4 27.Ng4 Nd7 28.Rf3 f5 29.exf6 Nxf6
30.Bxf6 Bxf6 31.Nxf6 gxf6 32.Rxf6 Rxf6 33.Qxe8+ Kg7 34.Qe7+ Rf7 35.Qxe6 Qc6
36.Qe3 Qd7 37.Qe5+ Kg8 38.Nxd5 Qg4 39.Rd3 Qd7 40.Rg3+  1-0

[Event "40th Olympiad Open"]
[Site "Istanbul TUR"]
[Date "2012.08.30"]
[Round "3.77"]
[White "Huguet,S"]
[Black "Dukaczewski,P"]
[Result "0-1"]
[WhiteElo "2094"]
[BlackElo "2228"]

1.e4 c5 2.c3 Nf6 3.e5 Nd5 4.d4 cxd4 5.Nf3 e6 6.cxd4 b6 7.Nc3 Nxc3 8.bxc3 Qc7
9.Bd2 Bb7 10.Bd3 d6 11.O-O Nd7 12.Bf4 dxe5 13.Bxe5 Nxe5 14.Nxe5 Bd6 15.Re1 O-O
16.Re3 Bxe5 17.dxe5 g6 18.h4 Rfd8 19.Qe2 Qxc3 20.Rb1 Qd4 21.h5 Rac8 22.hxg6 hxg6
23.Rg3 Kg7 24.Rd1 Rc3 25.Bc2 Rxg3 26.Rxd4 Rxg2+ 27.Kf1 Rxd4 28.Qe3 Rh4 29.Ke1 Rh1+
30.Kd2 Rhh2 31.Be4 Rxf2+ 32.Kc3 Bxe4 33.Qxe4 Rh3+ 34.Kc4 a6 35.a4 g5  0-1

[Event "19th Graz Open 2012"]
[Site "Graz AUT"]
[Date "2012.08.31"]
[Round "7.21"]
[White "Cojhter,K"]
[Black "Glaser,G"]
[Result "1-0"]
[WhiteElo "2075"]
[BlackElo "2036"]

1.e4 c5 2.c3 Nf6 3.e5 Nd5 4.d4 cxd4 5.Nf3 e6 6.cxd4 Nc6 7.a3 d6 8.Bd2 Bd7
9.Nc3 Nxc3 10.Bxc3 dxe5 11.dxe5 Bc5 12.Bd3 h6 13.Qe2 Ne7 14.b4 Nd5 15.Bd2 Bb6
16.O-O O-O 17.Rad1 a6 18.Qe4 f5 19.exf6 Nxf6 20.Qe2 Ba4 21.Qxe6+ Kh8 22.Ne5  1-0

[Event "BDO Premier 2012"]
[Site "Haarlem NED"]
[Date "2012.08.31"]
[Round "7.2"]
[White "Dambacher,M"]
[Black "Zherebukh,Y"]
[Result "1/2-1/2"]
[WhiteElo "2480"]
[BlackElo "2629"]

1.e4 c5 2.c3 Nf6 3.e5 Nd5 4.d4 cxd4 5.Nf3 e6 6.cxd4 b6 7.Bd3 Bb7 8.O-O Be7
9.Nbd2 f5 10.exf6 Nxf6 11.Qe2 O-O 12.Ne4 Nc6 13.Bd2 Nb4 14.Nxf6+ Rxf6 15.Bxb4 Bxf3
16.Bxe7 Bxe2 17.Bxd8 Bxf1 18.Bxh7+ Kxh7 19.Bxf6 Bxg2 20.Kxg2 gxf6 21.Rc1 Kg6
22.d5 exd5 23.Rd1 Kf5 24.Rxd5+ Ke6 25.Rd3 d5 26.h4 Rg8+ 27.Rg3 Rh8 28.Rh3 Rh5
29.Kf3 Kf5 30.Rh1 d4 31.a4 a5 32.b3 Ke5 33.Kg4 Rh8 34.Kf3 Rh5 35.Kg4 Rh8
36.Kf3 Rh5  1/2-1/2

[Event "40th Olympiad Women"]
[Site "Istanbul TUR"]
[Date "2012.08.31"]
[Round "4.5"]
[White "Paehtz,E"]
[Black "Hou Yifan"]
[Result "1/2-1/2"]
[WhiteElo "2483"]
[BlackElo "2599"]

1.e4 c5 2.c3 Nf6 3.e5 Nd5 4.Nf3 Nc6 5.d4 cxd4 6.cxd4 d6 7.Bc4 e6 8.O-O Be7
9.Qe2 O-O 10.Rd1 Na5 11.b3 Bd7 12.Ba3 Bc6 13.Bxd5 Bxd5 14.Nc3 Bxf3 15.Qxf3 d5
16.Bxe7 Qxe7 17.Nb5 Qb4 18.Qd3 a6 19.Nd6 Nc6 20.Rac1 f6 21.Qh3 Nxd4 22.Rc7 fxe5
23.Rxg7+ Kxg7 24.Qg3+ Kf6 25.Qh4+ Kg6 26.Qg4+ Kf6 27.Qh4+ Kg6 28.Qg4+ Kf6
29.Qh4+ Kg6 30.Qg4+ Kf6  1/2-1/2

[Event "40th Olympiad Women"]
[Site "Istanbul TUR"]
[Date "2012.08.31"]
[Round "4.48"]
[White "Amal,Gameel"]
[Black "Toro Pradenas,M"]
[Result "0-1"]
[WhiteElo "1753"]
[BlackElo "2040"]

1.e4 c5 2.c3 Nf6 3.e5 Nd5 4.d4 cxd4 5.Qxd4 e6 6.Bc4 Nc6 7.Qe4 Nb6 8.Bb3 d6
9.Nf3 Nd7 10.exd6 Nc5 11.Qc2 Bxd6 12.O-O Qc7 13.Ba4 Nxa4 14.Qxa4 Bd7 15.Qc4 h6
16.Be3 e5 17.Na3 Bxa3 18.bxa3 O-O 19.Bc5 Rfe8 20.Qd5 Be6 21.Qd6 Qxd6 22.Bxd6 f6
23.Rab1 b6 24.Rb2 Na5 25.Nd2 Rad8 26.Bb4 Nc4 27.Nxc4 Bxc4 28.Rfb1 a5 29.h3 axb4
30.Rxb4 b5 31.a4 Bd3 32.R1b2 bxa4 33.Rxa4 Rc8 34.Ra7 Rb8 35.Rd2 e4 36.a4 Ra8
37.Rxa8 Rxa8 38.Ra2 Ra5 39.Kh2 Kf7 40.Kg3 Ke6 41.Kf4 Kd5 42.g3 Kc4 43.Ra3 Bc2
44.Ke3 f5 45.f3 exf3 46.Kxf3 Bxa4 47.Ke3 g5 48.h4 Re5+ 49.Kd2 Rd5+ 50.Kc1 Bb3
51.Ra6 Kxc3 52.Rc6+ Bc4 53.hxg5 hxg5 54.Rc7 Rd3 55.Re7 Rxg3 56.Re1 f4 57.Kb1 Re3
58.Rc1+ Kb3 59.Ka1 Ka3 60.Rb1 Re2 61.Rc1 Ra2+ 62.Kb1 Bd3+  0-1

[Event "40th Olympiad Open"]
[Site "Istanbul TUR"]
[Date "2012.09.01"]
[Round "5.31"]
[White "Ynojosa,F"]
[Black "Quesada Perez,Yu"]
[Result "0-1"]
[WhiteElo "2374"]
[BlackElo "2626"]

1.e4 c5 2.c3 Nf6 3.e5 Nd5 4.d4 cxd4 5.cxd4 d6 6.Nf3 Nc6 7.Bc4 e6 8.O-O Be7
9.Bd2 O-O 10.Nc3 dxe5 11.dxe5 Nxc3 12.Bxc3 b6 13.Qe2 Bb7 14.Rfd1 Qc7 15.a3 Rfd8
16.Bd3 Rd7 17.Rac1 Rad8 18.b4 Qb8 19.Bb2 g6 20.Be4 Rxd1+ 21.Rxd1 Rxd1+ 22.Qxd1 Qc8
23.Qc2 Qd7 24.h4 Bf8 25.Qa4 Bg7 26.b5 Ne7 27.Bxb7 Qxb7 28.Qc4 Qd7 29.a4 h6
30.Ba3 Qd1+ 31.Kh2 Nd5 32.Bd6 Qb1 33.g3 Qf5 34.Kg2 g5 35.hxg5 hxg5 36.Qe2 Qg4
37.Kh2 Bh6 38.Qd3 Qxa4 39.Nd4 Qa2 40.Kg1 Kg7 41.Nc6 g4 42.Nb4 Nxb4 43.Bxb4 Qd5
44.Qe2 Qd4 45.Bd6 Bg5 46.Qc2 Qd2 47.Qe4 Qd1+ 48.Kh2 Qf1 49.Qd4 Qe2 50.Bb8 Be7
51.Bd6 Bxd6 52.exd6+ e5 53.Qd5 Qxf2+ 54.Kh1 Qf1+ 55.Kh2 Qh3+ 56.Kg1 Qxg3+
57.Kh1 Qh3+ 58.Kg1 Qe3+ 59.Kh1 g3 60.d7 Qh6+ 61.Kg2 Qh2+ 62.Kf3 Qh1+  0-1

[Event "World Youth U16 Olympiad 2012"]
[Site "Istanbul TUR"]
[Date "2012.09.01"]
[Round "6.6"]
[White "Yaver,Faik Emre"]
[Black "Gajek,R"]
[Result "0-1"]
[WhiteElo "1782"]
[BlackElo "2200"]

1.e4 c5 2.c3 Nf6 3.e5 Nd5 4.d4 cxd4 5.Nf3 e6 6.cxd4 d6 7.Bc4 Nc6 8.O-O Be7
9.Qe2 O-O 10.Nc3 Nxc3 11.bxc3 dxe5 12.dxe5 Qa5 13.a4 Bd7 14.Qe4 Rfd8 15.Re1 Be8
16.Ng5 g6 17.Qh4 h5 18.Qg3 Nd4 19.Ne4 Rac8 20.Bf1 Nf5 21.Qf4 Bc6 22.Bb2 Qb6
23.Re2 Bxe4 24.Qxe4 Bc5 25.g3 Bxf2+ 26.Kg2 Bc5 27.Rae1 Ne3+ 28.Kh3 Nd1 29.Rxd1 Rxd1
30.Bg2 Rd7 31.Bc1 Qd8 32.Qf4 Bb6 33.Rc2 Rdc7 34.Bb2 g5 35.Qf6 Qxf6 36.exf6 Bd4
37.c4 Rxc4 38.Bxd4 Rxc2 39.Bxb7 R8c4 40.Be3 Rxa4 41.Bg1 Ra1 42.Bd4 Ra5 43.Be3 g4+  0-1